[Event "Gibraltar Amateur op-A"]
[Site "Caleta"]
[Date "2018.01.22"]
[Round "1"]
[White "Sevillano Garcia, Joaquin"]
[Black "Sagar, Siya"]
[Result "1-0"]
[WhiteElo "1751"]
[BlackElo "1199"]
[PlyCount "185"]
[EventDate "2018.01.22"]
[EventType "swiss"]
[EventRounds "5"]
[EventCountry "GGB"]
[SourceTitle "EXT 2019"]
[Source "ChessBase"]
[SourceDate "2018.10.10"]
[SourceVersion "1"]
[SourceVersionDate "2018.10.10"]
[SourceQuality "1"]

1. d4 Nf6 2. Nf3 g6 3. Nc3 d5 4. Bf4 Bg7 5. h3 0-0 6. e3 c6 7. Be2 Nbd7 8. 0-0 b6 9. a4 Bb7 10. a5 bxa5 11. Na4 Ne4 12. c4 Rc8 13. c5 e6 14. Nc3 Nxc3 15. bxc3 e5 16. Bg3 e4 17. Nd2 f5 18. Qa4 a6 19. Qxa5 Qxa5 20. Rxa5 Ra8 21. Bd6 Rf7 22. Rfa1 Nb8 23. Rb1 Bf8 24. Bxf8 Kxf8 25. Nb3 Kg7 26. Ra2 Rc7 27. Na5 Bc8 28. Rab2 Nd7 29. Bd1 Nf8 30. Ba4 Bd7 31. Rb7 Rac8 32. Kf1 Kf6 33. R1b6 Kg7 34. g3 Kf6 35. Rxc7 Rxc7 36. Rxa6 f4 37. gxf4 Bxh3+ 38. Kg1 Bd7 39. Bxc6 Bxc6 40. Rxc6+ Rxc6 41. Nxc6 Ne6 42. Kg2 g5 43. fxg5+ Kxg5 44. Ne5 h5 45. f4+ exf3+ 46. Kxf3 h4 47. Nf7+ Kf5 48. Nd6+ Kg5 49. Nb5 Nd8 50. Nd6 Ne6 51. c6 Nc7 52. Nf7+ Kf5 53. Nd6+ Ke6 54. Nb7 Nb5 55. Kg4 Nxc3 56. Kxh4 Nd1 57. e4 Nc3 58. e5 Nb5 59. Nc5+ Ke7 60. Nb3 Kd8 61. Kg5 Kc7 62. Kf6 Kxc6 63. Ke7 Kc7 64. Ke8 Kc6 65. Kd8 Nc7 66. Nc5 Nb5 67. e6 Nxd4 68. e7 Kxc5 69. e8Q Nb5 70. Qe1 d4 71. Kd7 d3 72. Qe4 d2 73. Qc2+ Kb6 74. Qxd2 Kc5 75. Qh2 Nd4 76. Qh5+ Kc4 77. Qg5 Kd3 78. Kd6 Ke4 79. Qd5+ Ke3 80. Qh1 Kd3 81. Kd5 Nc2 82. Qf1+ Kc3 83. Ke4 Kb3 84. Qd3+ Kb2 85. Qh3 Kb1 86. Kd3 Nb4+ 87. Kc4 Na2 88. Qh2 Nc1 89. Kc3 Na2+ 90. Kb3 Nc1+ 91. Ka3 Nd3 92. Qd2 Ka1 93. Qa2# 1-0

[Event "Gibraltar Amateur op-A"]
[Site "Caleta"]
[Date "2017.01.25"]
[Round "3"]
[White "Sevillano Garcia, Joaquin"]
[Black "Hunt, Caro"]
[Result "1-0"]
[WhiteElo "1816"]
[BlackElo "1631"]
[PlyCount "65"]
[EventDate "2017.01.23"]
[EventType "swiss"]
[EventRounds "5"]
[EventCountry "GGB"]
[SourceTitle "CBM 176 Extra"]
[Source "ChessBase"]
[SourceDate "2017.03.02"]
[SourceVersion "1"]
[SourceVersionDate "2017.03.02"]
[SourceQuality "1"]

1. Nf3 d5 2. g3 c6 3. Bg2 Bg4 4. h3 Bh5 5. 0-0 e6 6. b3 Nf6 7. Bb2 Bd6 8. d4 0-0 9. Nbd2 Nbd7 10. c4 Rc8 11. Ne5 Ne8 12. g4 Bxe5 13. dxe5 Bg6 14. cxd5 cxd5 15. Rc1 Nb6 16. Ba3 Nc7 17. Bxf8 Kxf8 18. Nf3 h5 19. Qd4 hxg4 20. hxg4 Qe7 21. a4 Rd8 22. a5 Nc8 23. b4 b6 24. Qc3 Rd7 25. Nd4 Kg8 26. Bf3 f6 27. Rfd1 fxe5 28. Nc6 Qf6 29. Qxe5 Nd6 30. Qxf6 gxf6 31. Nxa7 bxa5 32. bxa5 Nc4 33. Rxc4 1-0

[Event "Gibraltar Amateur op-A"]
[Site "Caleta"]
[Date "2017.01.24"]
[Round "2"]
[White "Gunn, Michael J"]
[Black "Sevillano Garcia, Joaquin"]
[Result "0-1"]
[WhiteElo "1643"]
[BlackElo "1816"]
[PlyCount "46"]
[EventDate "2017.01.23"]
[EventType "swiss"]
[EventRounds "5"]
[EventCountry "GGB"]
[SourceTitle "CBM 176 Extra"]
[Source "ChessBase"]
[SourceDate "2017.03.02"]
[SourceVersion "1"]
[SourceVersionDate "2017.03.02"]
[SourceQuality "1"]

1. e4 e6 2. d4 d5 3. Nd2 Nf6 4. Bd3 c5 5. c3 Nc6 6. e5 Nd7 7. f4 Qb6 8. Ndf3 cxd4 9. cxd4 Nxd4 10. Nxd4 Qxd4 11. Ne2 Bb4+ 12. Kf1 Qb6 13. a3 Be7 14. Nc3 f5 15. Qh5+ g6 16. Qe2 a6 17. b4 0-0 18. Bb2 Qd8 19. b5 Nc5 20. Bc2 Ne4 21. bxa6 bxa6 22. Na4 Bd7 23. Bd4 Bb5 0-1

[Event "Seville op 42nd"]
[Site "Seville"]
[Date "2017.01.13"]
[Round "1"]
[White "Perez Mitjans, Orelvis"]
[Black "Sevillano Garcia, Joaquin"]
[Result "1-0"]
[WhiteElo "2427"]
[BlackElo "1816"]
[PlyCount "79"]
[EventDate "2017.01.13"]
[EventType "swiss"]
[EventRounds "9"]
[EventCountry "ESP"]
[SourceTitle "EXT 2019"]
[Source "ChessBase"]
[SourceDate "2018.10.10"]
[SourceVersion "1"]
[SourceVersionDate "2018.10.10"]
[SourceQuality "1"]

1. e4 e6 2. d4 d5 3. e5 c5 4. c3 Nc6 5. Nf3 Qb6 6. Bd3 Bd7 7. dxc5 Bxc5 8. 0-0 Nh6 9. Bxh6 gxh6 10. Qc1 Bf8 11. Na3 Rc8 12. Nc2 Bg7 13. Re1 a6 14. Ne3 h5 15. Nf1 h4 16. Qg5 Kf8 17. Rab1 Ne7 18. Qxh4 Ng6 19. Qg3 Bb5 20. Bxb5 Qxb5 21. Ne3 Qa4 22. a3 Qf4 23. Qxf4 Nxf4 24. Red1 b5 25. Nc2 Ng6 26. Nb4 Ra8 27. a4 Ke7 28. axb5 axb5 29. h4 h5 30. g3 Rhc8 31. Nd3 Rc4 32. Nd2 Rc7 33. f4 Kd8 34. Nf3 Bf8 35. Ra1 Rca7 36. Rxa7 Rxa7 37. Nd4 b4 38. cxb4 Ne7 39. Rc1 Rc7 40. Nb5 1-0

[Event "Benidorm op U2000 13th"]
[Site "Benidorm"]
[Date "2014.12.02"]
[Round "5"]
[White "Cartagena Sanchez, Javier"]
[Black "Sevillano Garcia, Joaquin"]
[Result "1-0"]
[WhiteElo "1952"]
[BlackElo "1862"]
[PlyCount "101"]
[EventDate "2014.11.28"]
[EventType "swiss"]
[EventRounds "10"]
[EventCountry "ESP"]
[SourceTitle "CBM 163 Extra"]
[Source "ChessBase"]
[SourceDate "2014.12.23"]
[SourceVersion "1"]
[SourceVersionDate "2014.12.23"]
[SourceQuality "1"]

1. e4 e6 2. d4 d5 3. e5 c5 4. Nf3 Nc6 5. c3 Qb6 6. a3 f6 7. Bd3 Bd7 8. 0-0 g6 9. exf6 Nxf6 10. dxc5 Bxc5 11. b4 Be7 12. Re1 0-0-0 13. Ng5 Ne4 14. Bxe4 dxe4 15. Nf7 Rhf8 16. Be3 Qa6 17. Nxd8 Rxd8 18. Nd2 Qd3 19. Qe2 Ne5 20. Bxa7 Bc6 21. Nxe4 Qd5 22. Rad1 Nd3 23. Qe3 Qb5 24. Rf1 Rd7 25. Bd4 Nb2 26. Rde1 Bd5 27. c4 Nxc4 28. Rc1 Rc7 29. Qe2 Nxa3 30. Rxc7+ Kxc7 31. Rc1+ Kd8 32. Qe3 Nc4 33. Qf4 Qxb4 34. Bf6 Bxf6 35. Qxf6+ Qe7 36. Qh8+ Qe8 37. Qxe8+ Kxe8 38. Rxc4 Bxc4 39. Nd6+ Kd7 40. Nxc4 b5 41. Nd2 Kd6 42. Kf1 Kd5 43. Ke2 Kd4 44. g4 b4 45. Nb3+ Kc4 46. Nd2+ Kd4 47. h4 h5 48. g5 Kc3 49. Ke3 e5 50. f3 Kc2 51. Nc4 1-0

[Event "Gibraltar Challengers-B 11th"]
[Site "Caleta"]
[Date "2013.01.29"]
[Round "4"]
[White "Elishev, Ivan"]
[Black "Sevillano Garcia, Joaquin"]
[Result "1-0"]
[WhiteElo "2185"]
[BlackElo "1960"]
[PlyCount "79"]
[EventDate "2013.01.26"]
[EventType "swiss"]
[EventRounds "5"]
[EventCountry "GGB"]
[SourceTitle "EXT 2014"]
[Source "ChessBase"]
[SourceDate "2013.11.20"]
[SourceVersion "1"]
[SourceVersionDate "2013.11.20"]
[SourceQuality "1"]

1. e4 e6 2. Nf3 c5 3. c4 Nc6 4. d4 cxd4 5. Nxd4 Nxd4 6. Qxd4 Ne7 7. Be3 Nc6 8. Qd2 d6 9. Nc3 b6 10. Be2 Be7 11. 0-0 0-0 12. f4 Ba6 13. Rac1 Qb8 14. Rfd1 Rd8 15. b3 Bf8 16. Bf3 Bb7 17. g3 Ne7 18. Qg2 Ng6 19. Rd3 e5 20. f5 Ne7 21. g4 Bc6 22. Rcd1 Qb7 23. Bf2 Qc7 24. g5 a6 25. a4 Be8 26. h4 Rab8 27. f6 Ng6 28. Nd5 Qc6 29. fxg7 Kxg7 30. h5 Nf4 31. Nxf4 exf4 32. Qg4 b5 33. axb5 axb5 34. Qxf4 Be7 35. e5 d5 36. cxd5 Qc8 37. e6 Bc5 38. Qf6+ Kg8 39. h6 Bxf2+ 40. Kg2 1-0

[Event "Andorra op 30th"]
[Site "La Massana"]
[Date "2012.07.26"]
[Round "6"]
[White "Vila Gazquez, Xavier"]
[Black "Sevillano Garcia, Joaquin"]
[Result "1-0"]
[WhiteElo "2454"]
[BlackElo "1963"]
[PlyCount "59"]
[EventDate "2012.07.21"]
[EventType "swiss"]
[EventRounds "9"]
[EventCountry "AND"]
[SourceTitle "CBM 149 Extra"]
[Source "ChessBase"]
[SourceDate "2012.08.24"]
[SourceVersion "1"]
[SourceVersionDate "2012.08.24"]
[SourceQuality "1"]

1. e4 e5 2. Bc4 Be7 3. Nc3 Nc6 4. d3 d6 5. f4 Bh4+ 6. g3 Bf6 7. Nf3 Nge7 8. f5 Na5 9. g4 Nxc4 10. dxc4 Nc6 11. g5 Be7 12. h4 h5 13. gxh6 g6 14. Ng5 Nd4 15. Nd5 0-0 16. c3 Nxf5 17. exf5 Bxf5 18. Qf3 c6 19. Nxe7+ Qxe7 20. Be3 b5 21. 0-0-0 bxc4 22. Qxc6 Bd3 23. Ne4 Qe6 24. Nf2 Rac8 25. Qa6 Qd5 26. Nxd3 cxd3 27. Qxd3 Qxa2 28. h5 Qa1+ 29. Kc2 Qa4+ 30. Kb1 1-0

[Event "Ortigueira op 3rd"]
[Site "Ortigueira"]
[Date "2004.08.07"]
[Round "4"]
[White "De Leon Justo, Alejandro"]
[Black "Sevillano Garcia, Joaquin"]
[Result "1-0"]
[WhiteElo "2055"]
[BlackElo "2132"]
[PlyCount "45"]
[EventDate "2004.08.03"]
[EventType "swiss"]
[EventRounds "9"]
[EventCountry "ESP"]
[SourceTitle "CBM 101 Extra"]
[Source "ChessBase"]
[SourceDate "2004.09.01"]
[SourceVersion "2"]
[SourceVersionDate "2004.09.01"]
[SourceQuality "1"]

1. e4 Nf6 2. e5 Nd5 3. d4 d6 4. Nf3 Bf5 5. Bd3 Bxd3 6. Qxd3 c6 7. 0-0 e6 8. c4 Nc7 9. Bg5 Be7 10. exd6 Qxd6 11. Nc3 Bxg5 12. Nxg5 Nd7 13. Nce4 Qe7 14. c5 Kd8 15. Nd6 Rf8 16. Nxb7+ Kc8 17. Nd6+ Kd8 18. Nge4 Rb8 19. Qa3 f5 20. Nd2 Qh4 21. N2c4 Nd5 22. Qxa7 Qxd4 23. Na5 1-0

[Event "Ortigueira op 3rd"]
[Site "Ortigueira"]
[Date "2004.08.05"]
[Round "2"]
[White "Manolache, Marius"]
[Black "Sevillano Garcia, Joaquin"]
[Result "1-0"]
[WhiteElo "2441"]
[BlackElo "2132"]
[PlyCount "29"]
[EventDate "2004.08.03"]
[EventType "swiss"]
[EventRounds "9"]
[EventCountry "ESP"]
[SourceTitle "CBM 101 Extra"]
[Source "ChessBase"]
[SourceDate "2004.09.01"]
[SourceVersion "2"]
[SourceVersionDate "2004.09.01"]
[SourceQuality "1"]

1. d4 d5 2. Nf3 Nf6 3. c4 c6 4. Qc2 e6 5. Nbd2 Nbd7 6. a3 Bd6 7. g4 Qe7 8. g5 Nh5 9. e3 0-0 10. Be2 g6 11. b3 e5 12. dxe5 Nxe5 13. Bb2 f6 14. Rg1 Bf5 15. Qxf5 1-0

[Event "Ortigueira op 2nd"]
[Site "Ortigueira"]
[Date "2003.08.11"]
[Round "9"]
[White "Sevillano Garcia, Joaquin"]
[Black "Barlov, Dragan"]
[Result "0-1"]
[WhiteElo "2155"]
[BlackElo "2465"]
[PlyCount "88"]
[EventDate "2003.08.03"]
[EventType "swiss"]
[EventRounds "9"]
[EventCountry "ESP"]
[SourceTitle "EXT 2004"]
[Source "ChessBase"]
[SourceDate "2003.11.25"]
[SourceVersion "1"]
[SourceVersionDate "2003.11.25"]
[SourceQuality "1"]

1. d4 Nf6 2. Nf3 c5 3. d5 g6 4. c4 b5 5. cxb5 a6 6. b6 d6 7. Nc3 Nbd7 8. a4 Qxb6 9. Nd2 Bg7 10. a5 Qb4 11. Ra4 Qb7 12. e4 0-0 13. Nc4 Ne8 14. Be2 Nc7 15. 0-0 Nb5 16. Bd2 Rb8 17. Ra2 Nd4 18. Bg4 Qb4 19. Qa4 Ne5 20. Nxe5 Bxe5 21. Bxc8 Rfxc8 22. Rd1 Qb7 23. Qc4 Qb3 24. Qxa6 Nf3+ 25. gxf3 Bxc3 26. Bxc3 Qxd1+ 27. Kg2 Qb3 28. Ra1 Qb5 29. Qxb5 Rxb5 30. h4 h5 31. Kg3 f6 32. f4 Kf7 33. Kf3 Rg8 34. Rh1 Rb3 35. Ke2 Ra8 36. Kd2 Rbb8 37. Kd3 Rg8 38. Rg1 Ke8 39. Kc4 Kd7 40. f3 Raf8 41. Bd2 g5 42. fxg5 fxg5 43. Bxg5 Rxf3 44. Ra1 Rb8 0-1